| 000 | 01123nmc a2200409 a 4500 | ||
|---|---|---|---|
| 003 | AR-BaBNM | ||
| 005 | 20251128204052.0 | ||
| 008 | 305019s1992 ||||||||||||||000 | spa|| | ||
| 020 | _a950-25-2625-2 | ||
| 040 | _cAR-BaBNM | ||
| 100 | 1 | _aBustos Domecq, Honorio | |
| 245 | 1 | 0 | _aEl cuento policial |
| 260 |
_aBuenos Aires _bCentro Editor de América Latina _c1992 |
||
| 300 | 1 | _avi, 105 p. | |
| 490 | 0 | _aBiblioteca básica Argentina. Serie A | |
| 500 | 0 | _aNotas por los profesores Jorge Lafforgue y Jorge B. Rivera | |
| 600 | 1 | 4 | _aGroussac, Paul |
| 600 | 1 | 4 | _aQuiroga, Horacio |
| 600 | 1 | 4 | _aPeyrou, Manuel |
| 600 | 1 | 4 | _aAnderson Imbert, Enrique |
| 600 | 1 | 4 | _aPérez Zelaschi, Adolfo |
| 600 | 1 | 4 | _aGoligorsky, Edgardo |
| 600 | 1 | 4 | _aPiglia, Ricardo |
| 650 | 4 | _aLITERATURA ARGENTINA | |
| 650 | 4 | _aANTOLOGIAS | |
| 650 | 4 | _aNOVELAS | |
| 651 | 4 | _aArgentina | |
| 653 | 0 | _aCUENTO POLICIAL | |
| 653 | 0 | _aNARRATIVA | |
| 653 | 0 | _aHEDONISMO | |
| 655 | _aLITERATURA | ||
| 700 | 1 | _aPérez Zelaschi, A. | |
| 700 | 1 | _aLafforgue, Jorge | |
| 700 | 1 | _aRivera, Jorge B. | |
| 942 | _cBK | ||
| 998 | _cCarmen | ||
| 999 |
_c6039 _d6039 |
||